[Event "CAN-ch U08"]
[Site "Sault Ste Marie"]
[Date "2017.07.10"]
[Round "7"]
[White "Mane, Arnav"]
[Black "Bai, Kingsley"]
[Result "1-0"]
[WhiteElo "829"]
[BlackElo "652"]
[PlyCount "69"]
[EventDate "2017.07.06"]
[EventType "swiss"]
[EventRounds "7"]
[EventCountry "CAN"]
[SourceTitle "EXT 2022"]
[Source "ChessBase"]
[SourceDate "2021.10.06"]
[SourceVersion "1"]
[SourceVersionDate "2021.10.06"]
[SourceQuality "1"]

1. e4 e6 2. d4 d5 3. Nc3 dxe4 4. Nxe4 Nd7 5. Nf3 Ngf6 6. Nc3 Bd6 7. Be3 0-0 8. Bd3 Re8 9. 0-0 c6 10. Bg5 Bb8 11. Re1 Qc7 12. h3 b6 13. Ne4 Nxe4 14. Bxe4 f5 15. Bxf5 Rf8 16. Bxe6+ Kh8 17. Be7 Re8 18. Bf7 Bb7 19. Bxe8 c5 20. d5 Nf6 21. Bxf6 gxf6 22. Bh5 Kg7 23. g3 Qd6 24. Nh4 Bc8 25. Bg4 Bxg4 26. Qxg4+ Kf7 27. Nf5 Qf8 28. Re7+ Qxe7 29. Nxe7 Kxe7 30. Re1+ Kd6 31. Qe6+ Kc7 32. Qe7+ Kc8 33. Qe8+ Kc7 34. Re7+ Kd6 35. Qd7# 1-0

[Event "CAN-ch U08"]
[Site "Sault Ste Marie"]
[Date "2017.07.06"]
[Round "1"]
[White "Liu, Eric"]
[Black "Bai, Kingsley"]
[Result "1-0"]
[WhiteElo "1152"]
[BlackElo "652"]
[PlyCount "63"]
[EventDate "2017.07.06"]
[EventType "swiss"]
[EventRounds "7"]
[EventCountry "CAN"]
[SourceTitle "EXT 2022"]
[Source "ChessBase"]
[SourceDate "2021.10.06"]
[SourceVersion "1"]
[SourceVersionDate "2021.10.06"]
[SourceQuality "1"]

1. d4 e6 2. e4 d5 3. Nc3 dxe4 4. Nxe4 Nd7 5. Nf3 Ngf6 6. Nxf6+ Nxf6 7. c4 Bb4+ 8. Bd2 Bxd2+ 9. Qxd2 0-0 10. Bd3 Qe7 11. 0-0 Rd8 12. Ne5 Rxd4 13. Bxh7+ Nxh7 14. Qxd4 b6 15. Rad1 Bb7 16. Qd7 Qf8 17. Qxc7 Be4 18. Rfe1 Rc8 19. Qxa7 Rd8 20. Rxd8 Qxd8 21. Qxf7+ Kh8 22. h3 Ng5 23. Qd7 Qf6 24. Ng4 Nxh3+ 25. gxh3 Qf3 26. Rxe4 Qxe4 27. Qe8+ Kh7 28. Kh2 Qxc4 29. Qf7 Qd5 30. Nf6+ Kh6 31. Nxd5 exd5 32. Qxd5 1-0